000 00548nam a2200205Ia 4500
003 OSt
005 20240506113505.0
008 210707s1970 xx 000 0 und d
040 _cAL
041 _aKannada
082 _aK894.1 SOMA
100 _aSOMANATHA
_dಸೋಮನಾಥ
_9163222
245 _aAkrura charitre.
_bಅಕ್ರೂರ ಚರಿತ್ರೆ
260 _aDharavada
_bKarnataka Vishvavidyalaya
_c1970
300 _aviii,181 p
365 _b4
_cINR
563 _aPB
650 _aKannada Poetry
_9163223
942 _2ddc
_cBK
999 _c179987
_d179987